Born in Tampa/Florida - Statistics

General Stats
  • This quiz has been taken 25 times
    9 since last reset
  • The average score is 4 of 15
Answer Stats
Hint Answer % Correct
Singer, rapper and brother of a member of the Backstreet Boys, he died aged 34 1987 Aaron Carter
71%
First baseman who plays for the New York Mets, he broke the MLB record for the most home runs by a rookie during the 2019 season 1994 Pete Alonso
57%
Quarterback who plays for the Los Angeles Rams 1988 Matthew Stafford
43%
Filipino-American shooting guard who plays for the Utah Jazz 1992 Jordan Clarkson
29%
Manager of the Tampa Bay Rays 1977 Kevin Cash
29%
Outfielder who plays for the Houston Astros 1997 Kyle Tucker
29%
United States Attorney General since 2025 and Attorney General of Florida from 2011 to 2019 1965 Pam Bondi
29%
Swimmer and winner of three Olympic gold medals 1999 Robert Finke
29%
Manager for the Chicago White Sox, he has the second most wins for a major league manager and is the winner of three World Series titles 1944 Tony La Russa
29%
Former quarterback who played college football at Georgia and is the holds the SEC records for the most passing touchdowns and career passing yards 1990 Aaron Murray
14%
GM of the Detroit Lions 1979 Brad Holmes
14%
Actress, "Guiding Light" "Pitch Perfect" "American Dreams" 1986 Brittany Snow
14%
Actress, known for appearing in "Gone with the Wind". She was not allowed to attend the film's premiere because it was helad at a whites-only theater 1911 Butterfly McQueen
14%
Actor, "It" "The Stand" "Bloodline" 1998 Owen Teague
14%
Actress, "American Horror Story" "Ratched" "12 Years a Slave" 1974 Sarah Paulson
14%
No matching quizzes found
Score Distribution
Percent of People with Each Score
Percentile by Number Answered
Your Score History
You have not taken this quiz since the last reset